Insight guide : Egypt.
| Format: | Book |
|---|---|
| Published: |
London:
Apa Publications,
1999.
|
| Edition: | 5th ed. |
| Subjects: |
| LEADER | 00439cam a2200157 7i4500 | ||
|---|---|---|---|
| 001 | 0000007644 | ||
| 005 | 20050627090000.0 | ||
| 020 | 0 | 0 | |a 9812342540 |
| 090 | 0 | 0 | |a EGPT 916.2 |b EGY |
| 245 | 0 | 0 | |a Insight guide : |b Egypt. |
| 250 | 0 | 0 | |a 5th ed. |
| 260 | 0 | 0 | |a London: |b Apa Publications, |c 1999. |
| 300 | # | # | |a 352 p. |
| 650 | 0 | 0 | |a Voyages and travels -- |x Guidebooks -- |z Egypt |
| 651 | 0 | 0 | |a Egypt |
| 999 | |a B000010882 |b Book |c Countries |e Business Information Centre | ||


